Educar con valores y vivir con humanidad / (Record no. 197057)

MARC details
000 -CABECERA
campo de control de longitud fija 00688nam a2200229 u 4500
005 - FECHA Y HORA DE LA ÚLTIMA TRANSACCIÓN
campo de control 20260221064005.0
008 - ELEMENTOS DE LONGITUD FIJA--INFORMACIÓN GENERAL
campo de control de longitud fija 180524s2007 mx r 000 0 spa d
020 ## - NÚMERO INTERNACIONAL NORMALIZADO PARA LIBROS
Número Internacional Estándar del Libro 9789706418005
035 ## - NÚMERO DE CONTROL DEL SISTEMA
Número de control de sistema UPN01000224960
049 ## - COLECCIÓN
Colección CG
050 #4 - SIGNATURA TOPOGRÁFICA DE LA BIBLIOTECA DEL CONGRESO
Número de clasificación LC272
Número de documento/Ítem D5.2
100 1# - ASIENTO PRINCIPAL--NOMBRE PERSONAL
Nombre de persona Díaz Hernández, Carlos,
Fechas asociadas al nombre 1944-
9 (RLIN) 40159
245 10 - MENCIÓN DE TÍTULO
Título Educar con valores y vivir con humanidad /
Mención de responsabilidad, etc. Carlos Díaz.
260 ## - PUBLICACIÓN, DISTRIBUCIÓN, ETC.
Lugar de publicación, distribución, etc. México :
Nombre del editor, distribuidor, etc. Progreso,
Fecha de publicación, distribución, etc. 2007.
300 ## - DESCRIPCIÓN FÍSICA
Extensión 248 p.
440 #0 - MENCIÓN DE SERIE/ASIENTO SECUNDARIO--TÍTULO
Título Educar con valores y virtudes
650 #4 - ASIENTO SECUNDARIO DE MATERIA - TERMINO TEMATICO
Término de materia o nombre geográfico como elemento de entrada Educación
Subdivisión general Aspectos morales y éticos
9 (RLIN) 17020
650 #2 - ASIENTO SECUNDARIO DE MATERIA - TERMINO TEMATICO
Término de materia o nombre geográfico como elemento de entrada Desarrollo humano
9 (RLIN) 13482
650 #4 - ASIENTO SECUNDARIO DE MATERIA - TERMINO TEMATICO
Término de materia o nombre geográfico como elemento de entrada Educación
Subdivisión general Filosofía
9 (RLIN) 4994
905 ## - TIPO DE MATERIAL
Tipo de material Libro
Holdings
Estado de retiro Estado de pérdida Fuente del sistema de clasificación o colocación Estado dañado No para préstamo Código de colección Localización permanente Ubicación/localización actual Ubicación en estantería Total de préstamos Clasificación Código de barras Fecha visto por última vez Número de copia Tipo de ítem Koha
    Library of Congress Classification     Colección General Bib. Gregorio Torres Quintero Bib. Gregorio Torres Quintero Planta baja 1 LC272 D5.2 324339 31/12/2020 1 Libro